Ekonomická a sociálna kríza firiem

Krízový vývoj firemnej sféry. Typológia podnikovej krízy z ekonomického a sociálneho hľadiska. Zdroje vzniku firemných kríz. Úloha manažmentu v kríze a sociálne dopady na firmu. Portfóliové zobrazenie možností podnikových stavov. Analýza rizík. Skúsenosti z riešení kríz v praxi.

Gespeichert in:
Bibliographische Detailangaben
1. Verfasser: Stýblo, Jiří
Format: Buchkapitel
Sprache:Slowakisch
Schlagworte:
Tags: Tag hinzufügen
Keine Tags, Fügen Sie das erste Tag hinzu!

MARC

LEADER 00000naa a2200000 4500
001 r038793
005 20231003081220.4
041 0 |a slo 
044 |a SK 
245 1 0 |a Ekonomická a sociálna kríza firiem  |c Jiří Stýblo 
520 |a Krízový vývoj firemnej sféry. Typológia podnikovej krízy z ekonomického a sociálneho hľadiska. Zdroje vzniku firemných kríz. Úloha manažmentu v kríze a sociálne dopady na firmu. Portfóliové zobrazenie možností podnikových stavov. Analýza rizík. Skúsenosti z riešení kríz v praxi. 
610 2 0 |a kríza podniku 
610 2 0 |a stagnácia 
610 2 0 |a likvidita podniku 
610 2 0 |a rentabilita podniku 
610 2 0 |a audit interný 
610 2 0 |a zdroje pracovné 
610 2 0 |a stratégia podniková 
100 1 |a Stýblo, Jiří